[Event "NCL967 BCM-Slough"]
[Site "Rd8"]
[Date "1997.02.23"]
[Round "8.5"]
[White "Mortazavi, Ali"]
[Black "Giddins, Steve"]
[Result "1/2-1/2"]
[WhiteElo "2390"]
[BlackElo "2345"]
[PlyCount "62"]
[EventDate "1997.02.23"]
[Source "J.Saunders"]
[SourceDate "1998.06.06"]

1. e4 e6 2. e5 d5 3. exd6 Bxd6 4. d4 Nf6 5. Nf3 O-O 6. Bd3 c5 7. c3 b6 8. O-O
Bb7 9. Bg5 Nbd7 10. Nbd2 Qc7 11. Re1 Rac8 12. Nc4 Bxf3 13. Qxf3 Bxh2+ 14. Kh1
Bd6 15. Qh3 Bf4 16. Bh4 b5 17. Ne5 h6 18. Nxd7 Nxd7 19. d5 Ne5 20. dxe6 Nxd3
21. Qxd3 fxe6 22. Rxe6 Rce8 23. Rae1 Qf7 24. Rxe8 Rxe8 25. Rxe8+ Qxe8 26. Qd5+
Kh8 27. Bg3 Bxg3 28. fxg3 Qe2 29. Qxc5 Qxb2 30. Qc8+ Kh7 31. Qf5+ Kg8 1/2-1/2

[Event "NCL967 BCM-Slough"]
[Site "Rd8"]
[Date "1997.02.23"]
[Round "8.6"]
[White "Friedgood, David"]
[Black "Webb, Richard"]
[Result "1/2-1/2"]
[WhiteElo "2270"]
[BlackElo "2290"]
[PlyCount "54"]
[EventDate "1997.02.23"]
[Source "J.Saunders"]
[SourceDate "1998.06.06"]

1. c4 c5 2. Nf3 Nf6 3. g3 d5 4. Bg2 Nc6 5. O-O e5 6. cxd5 Nxd5 7. Nc3 Nc7 8.
Ne1 Bg4 9. Nd3 f6 10. Bxc6+ bxc6 11. Qa4 Qd7 12. f4 Qd4+ 13. Nf2 Qxa4 14. Nxa4
Bxe2 15. Re1 Bb5 16. Nc3 O-O-O 17. fxe5 fxe5 18. Rxe5 Bd6 19. Re4 c4 20. d3
cxd3 21. Bg5 Rde8 22. Nxb5 cxb5 23. Rxe8+ Rxe8 24. Nxd3 h6 25. Bd2 Rd8 26. Be3
Bxg3 27. Rd1 Be5 1/2-1/2

[Event "NCL967 BCM-Slough"]
[Site "Rd8"]
[Date "1997.02.23"]
[Round "8.7"]
[White "Hennigan, Rita"]
[Black "Bellin, Jana"]
[Result "1-0"]
[WhiteElo "2225"]
[BlackElo "2215"]
[PlyCount "71"]
[EventDate "1997.02.23"]
[Source "J.Saunders"]
[SourceDate "1998.06.06"]

1. e4 c5 2. Nf3 e6 3. d4 cxd4 4. Nxd4 a6 5. Nc3 Qc7 6. g3 Bb4 7. Nde2 Be7 8.
Bg2 Nf6 9. O-O Nc6 10. Be3 Rb8 11. h3 O-O 12. f4 d6 13. Qe1 b5 14. Qf2 Nd7 15.
Nd4 Bb7 16. Rae1 Nxd4 17. Bxd4 b4 18. Nd1 Rbc8 19. c3 a5 20. cxb4 axb4 21. Ne3
Ba6 22. Rc1 Qa5 23. Rfd1 Rxc1 24. Rxc1 Qxa2 25. Rc7 Bf6 26. Ng4 Bxd4 27. Qxd4
Nc5 28. Qxd6 Nb3 29. Kh2 Be2 30. Rb7 h5 31. Ne3 Nc1 32. Qxb4 h4 33. Qd2 hxg3+
34. Kxg3 Ba6 35. Ra7 Ne2+ 36. Qxe2 1-0

[Event "NCL967 Celtic Kts-Croydon"]
[Site "Rd8"]
[Date "1997.02.23"]
[Round "8.1"]
[White "Wilson, Jon"]
[Black "Borg, Andy"]
[Result "1/2-1/2"]
[WhiteElo "2285"]
[BlackElo "2205"]
[PlyCount "26"]
[EventDate "1997.02.23"]
[Source "J.Saunders"]
[SourceDate "1998.06.06"]

1. d4 d5 2. c4 dxc4 3. e3 e5 4. Bxc4 exd4 5. exd4 Nf6 6. Nf3 Bb4+ 7. Nc3 O-O 8.
O-O Nc6 9. h3 h6 10. a3 Bd6 11. Qd3 Ne7 12. Nb5 c6 13. Nxd6 Qxd6 1/2-1/2

[Event "NCL967 Celtic Kts-Croydon"]
[Site "Rd8"]
[Date "1997.02.23"]
[Round "8.2"]
[White "Walsh, Chris"]
[Black "Harley, Andrew"]
[Result "1/2-1/2"]
[WhiteElo "2180"]
[BlackElo "2265"]
[PlyCount "121"]
[EventDate "1997.02.23"]
[Source "J.Saunders"]
[SourceDate "1998.06.06"]

1. e4 e6 2. d4 d5 3. e5 c5 4. c3 Qb6 5. Nf3 Nc6 6. a3 Nh6 7. b4 cxd4 8. Bxh6
gxh6 9. cxd4 Bd7 10. Be2 Rc8 11. O-O Bg7 12. Qd2 O-O 13. Rd1 f6 14. b5 Na5 15.
exf6 Rxf6 16. Qb4 Nc4 17. a4 a5 18. Qb3 Rf4 19. Na3 Nd6 20. Qb2 Be8 21. Rac1
Bxd4 22. Nxd4 Rxc1 23. Qxc1 Rxd4 24. Qxh6 Rxd1+ 25. Bxd1 Ne4 26. Qe3 Qxe3 27.
fxe3 Bg6 28. Kf1 Kf7 29. Ke1 Ke7 30. Nb1 Kd6 31. g4 Kc5 32. h4 h6 33. Bc2 Bh7
34. Nd2 Nf6 35. Bd1 Kb4 36. g5 hxg5 37. hxg5 Nd7 38. Nf3 Nc5 39. Nd4 e5 40. Nf3
e4 41. Ne5 Nxa4 42. g6 Bxg6 43. Bxa4 Kxa4 44. Nxg6 Kxb5 45. Kd2 Kc4 46. Kc2 d4
47. Ne5+ Kd5 48. Ng4 dxe3 49. Nxe3+ Kc5 50. Kc3 b5 51. Nc2 Kd5 52. Ne3+ Ke5 53.
Kd2 a4 54. Nc2 Kd5 55. Ke3 Kc4 56. Kxe4 Kc3 57. Nd4 b4 58. Nb5+ Kc2 59. Kd4 b3
60. Kc4 b2 61. Na3+ 1/2-1/2

[Event "NCL967 Celtic Kts-Croydon"]
[Site "Rd8"]
[Date "1997.02.23"]
[Round "8.3"]
[White "Rosen, Daniel"]
[Black "Gilbert, Jonathan"]
[Result "1-0"]
[WhiteElo "2210"]
[BlackElo "2150"]
[PlyCount "63"]
[EventDate "1997.02.23"]
[Source "J.Saunders"]
[SourceDate "1998.06.06"]

1. e4 c6 2. d4 d5 3. exd5 cxd5 4. c4 Nf6 5. c5 e5 6. Be3 exd4 7. Qxd4 Nc6 8.
Bb5 Be7 9. Nf3 O-O 10. Bxc6 bxc6 11. Qa4 Bd7 12. O-O Ne4 13. Qa3 Bf6 14. Nbd2
Re8 15. Nb3 Ng5 16. Nbd4 Nxf3+ 17. Nxf3 Qb8 18. Bd4 Bxd4 19. Nxd4 Re4 20. Rad1
Qf4 21. Qc3 Rae8 22. Rd3 Qe5 23. f3 Rh4 24. g3 Rh6 25. Rdd1 Qh5 26. Qd2 Re5 27.
Rfe1 f6 28. f4 Rxe1+ 29. Rxe1 Qf7 30. Qa5 Be8 31. Qd8 Kf8 32. Ne6+ 1-0

[Event "NCL967 Celtic Kts-Croydon"]
[Site "Rd8"]
[Date "1997.02.23"]
[Round "8.4"]
[White "Musson, Adam"]
[Black "Moore, Gerald"]
[Result "0-1"]
[WhiteElo "2090"]
[BlackElo "2215"]
[PlyCount "80"]
[EventDate "1997.02.23"]
[Source "J.Saunders"]
[SourceDate "1998.06.06"]

1. Nf3 Nf6 2. g3 g6 3. b3 Bg7 4. Bb2 O-O 5. Bg2 d6 6. d4 e5 7. dxe5 Nfd7 8. O-O
dxe5 9. e4 Nc6 10. Na3 Re8 11. Nb5 a6 12. Nc3 Nd4 13. Nxd4 exd4 14. Nd5 c6 15.
Nf4 Nc5 16. Re1 Ne6 17. Nd3 c5 18. f4 Qc7 19. f5 Nf8 20. Bc1 Nd7 21. Bf4 Ne5
22. g4 Qe7 23. Nxe5 Bxe5 24. Bxe5 Qxe5 25. Qd2 Bd7 26. Rf1 Bc6 27. f6 Re6 28.
g5 Bxe4 29. Rae1 Qd5 30. c4 Qc6 31. Bh3 Ree8 32. Qf4 Bd3 33. Bg2 Qd7 34. Qh4 h5
35. gxh6 Kh7 36. Re7 Rxe7 37. fxe7 Bxf1 38. Bxf1 Re8 39. Qf6 Kxh6 40. Qf4+ Kg7
0-1

[Event "NCL967 Celtic Kts-Croydon"]
[Site "Rd8"]
[Date "1997.02.23"]
[Round "8.5"]
[White "De Coverly, Roger"]
[Black "Adams, Mark"]
[Result "1/2-1/2"]
[WhiteElo "2085"]
[BlackElo "2100"]
[PlyCount "47"]
[EventDate "1997.02.23"]
[Source "J.Saunders"]
[SourceDate "1998.06.06"]

1. Nf3 c5 2. e4 d6 3. d4 cxd4 4. Nxd4 Nf6 5. Nc3 a6 6. Bg5 e6 7. f4 Be7 8. Qf3
Qa5 9. Nb3 Qc7 10. Bd3 Bd7 11. O-O Nc6 12. Kh1 h6 13. Bh4 g5 14. Bg3 g4 15. Qe2
h5 16. e5 h4 17. Bxh4 Rxh4 18. exf6 Bxf6 19. Nd5 Qd8 20. g3 Rh8 21. f5 Be5 22.
fxe6 Bxe6 23. Nf4 Qg5 24. Be4 {
Black now played the illegal 24...0-0 and the game continued! See next game}
1/2-1/2

[Event "NCL967 Celtic Kts-Croydon"]
[Site "Rd8"]
[Date "1997.02.23"]
[Round "8.7"]
[White "Coathup, Roger"]
[Black "Sheehan, Anthony"]
[Result "1/2-1/2"]
[WhiteElo "2110"]
[BlackElo "2100"]
[PlyCount "120"]
[EventDate "1997.02.23"]
[Source "J.Saunders"]
[SourceDate "1998.06.06"]

1. d4 f5 2. Bg5 Nf6 3. Bxf6 exf6 4. e3 Qe7 5. Nc3 c6 6. g3 d5 7. Bg2 Na6 8.
Nge2 Nc7 9. Qd3 g6 10. O-O Bh6 11. Nd1 O-O 12. b3 Be6 13. Nb2 Rae8 14. c4 Qd7
15. Na4 b6 16. Nac3 Rf7 17. Rac1 Rfe7 18. Rfd1 Bf7 19. Bh3 Qd6 20. Bg2 Kg7 21.
Na4 Bxe3 22. Rc2 Bh6 23. c5 bxc5 24. Nxc5 Ne6 25. Nxe6+ Bxe6 26. f4 Bd7 27. Kf2
Re3 28. Qxe3 Rxe3 29. Kxe3 Kf7 30. Rc5 Bf8 31. Kf2 Qb8 32. Rc3 g5 33. Rdc1 Bd6
34. Rf3 Kg6 35. Bf1 Qb4 36. Rfc3 Qa5 37. R1c2 Bb4 38. Rd3 c5 39. dxc5 Bxc5+ 40.
Kg2 Bb6 41. Nd4 Qb4 42. Rcd2 g4 43. h4 Bc8 44. Rd1 Qa3 45. R3d2 Bxd4 46. Rxd4
Qxa2+ 47. R1d2 Qxb3 48. Kh2 Bb7 49. Bg2 a5 50. Bxd5 Bxd5 51. Rxd5 a4 52. R5d3
Qc4 53. Ra3 Kf7 54. Rda2 Qf1 55. Rc2 Ke6 56. Rd2 Qe1 57. Rad3 Qf1 58. Re3+ Kf7
59. Rde2 Kg6 60. Re1 Qf2+ 1/2-1/2

[Event "NCL967 Celtic Kts-Croydon"]
[Site "Rd8"]
[Date "1997.02.23"]
[Round "8.8"]
[White "John, Amanda"]
[Black "Turvey, Syringa"]
[Result "1/2-1/2"]
[WhiteElo "1500"]
[BlackElo "1624"]
[PlyCount "69"]
[EventDate "1997.02.23"]
[Source "J.Saunders"]
[SourceDate "1998.06.06"]

1. e4 c5 2. c3 d6 3. d4 Nf6 4. dxc5 Nc6 5. f3 dxc5 6. Qxd8+ Nxd8 7. Be3 e5 8.
Na3 a6 9. Nc4 Nd7 10. O-O-O b5 11. Nd6+ Bxd6 12. Rxd6 Nb7 13. Rd5 O-O 14. Nh3
Re8 15. Nf2 Nf6 16. Rd1 Be6 17. b3 c4 18. bxc4 bxc4 19. Kc2 Rec8 20. Rb1 Nd6
21. Be2 Bd7 22. Nd1 a5 23. Rb6 Nfe8 24. Nb2 a4 25. a3 Kf8 26. Nd1 Nb5 27. Bc1
Ned6 28. Ne3 Be6 29. Rd1 Ke7 30. Nd5+ Kd7 31. Rxb5 Nxb5 32. Nb6+ Kc6 33. Nxa8
Rxa8 34. Bb2 Rb8 35. Rb1 1/2-1/2

[Event "NCL967 Midland Mons-Wood Green"]
[Site "Rd8"]
[Date "1997.02.23"]
[Round "8.2"]
[White "Arakhamia, Ketevan"]
[Black "Turner, Matthew"]
[Result "0-1"]
[WhiteElo "2455"]
[BlackElo "2425"]
[PlyCount "113"]
[EventDate "1997.02.23"]
[Source "J.Saunders"]
[SourceDate "1998.06.06"]

1. e4 c5 2. Nf3 Nc6 3. d4 cxd4 4. Nxd4 g6 5. c4 Bg7 6. Be3 Nf6 7. Nc3 Ng4 8.
Qxg4 Nxd4 9. Qd1 e5 10. Bd3 O-O 11. O-O d6 12. Qd2 Be6 13. Rad1 Qa5 14. b3 Rfd8
15. Bxd4 exd4 16. Ne2 Qc5 17. h3 Bd7 18. Rfe1 a6 19. Bb1 b5 20. cxb5 axb5 21.
Nxd4 b4 22. Qe3 Rac8 23. Qd3 Qb6 24. Ne2 Bb5 25. Qd2 Ba6 26. Bd3 d5 27. Bxa6
dxe4 28. Qe3 Qxa6 29. Rxd8+ Rxd8 30. Qxe4 Rd2 31. Nf4 Qd6 32. Qa8+ Bf8 33. g3
Qb6 34. Re2 Rxe2 35. Nxe2 Kg7 36. Qe4 Bc5 37. Qe5+ f6 38. Qf4 g5 39. Qf3 Qd6
40. Kg2 Qd2 41. Qb7+ Kh6 42. Qf3 Kg7 43. g4 Bd6 44. Qb7+ Kh6 45. Qf7 Qb2 46.
Qe6 Be5 47. Ng3 Bxg3 48. Kxg3 Qc3+ 49. Kg2 Qd4 50. Qc4 Qd6 51. Qe4 Qd2 52. Qf3
Qd4 53. h4 gxh4 54. Kh3 Qc3 55. Qe3+ Qxe3+ 56. fxe3 Kg5 57. e4 0-1

[Event "NCL967 Midland Mons-Wood Green"]
[Site "Rd8"]
[Date "1997.02.23"]
[Round "8.3"]
[White "Parker, Jonathan"]
[Black "Levitt, Jon"]
[Result "1-0"]
[WhiteElo "2470"]
[BlackElo "2435"]
[PlyCount "47"]
[EventDate "1997.02.23"]
[Source "J.Saunders"]
[SourceDate "1998.06.06"]

1. d4 d5 2. c4 c6 3. Nf3 Nf6 4. Nc3 a6 5. e3 b5 6. b3 Bg4 7. Be2 e6 8. O-O Nbd7
9. Bb2 Be7 10. h3 Bh5 11. Ne5 Bxe2 12. Qxe2 Nxe5 13. dxe5 Nd7 14. cxd5 cxd5 15.
Rfd1 Qb8 16. Qg4 g6 17. Rxd5 exd5 18. Nxd5 Nb6 19. Nxe7 Kxe7 20. Qh4+ Ke8 21.
e6 Rf8 22. Ba3 Ra7 23. Rd1 Rh8 24. Qf6 1-0

[Event "NCL967 Midland Mons-Wood Green"]
[Site "Rd8"]
[Date "1997.02.23"]
[Round "8.4"]
[White "Littlewood, Paul"]
[Black "Cooper, Lawrence"]
[Result "1-0"]
[WhiteElo "2440"]
[BlackElo "2335"]
[PlyCount "129"]
[EventDate "1997.02.23"]
[Source "J.Saunders"]
[SourceDate "1998.06.06"]

1. d4 Nf6 2. c4 e6 3. Nf3 Bb4+ 4. Bd2 Qe7 5. g3 Nc6 6. Bg2 Bxd2+ 7. Nbxd2 d6 8.
O-O O-O 9. e4 e5 10. d5 Nb8 11. b4 a5 12. a3 Na6 13. Ne1 Bg4 14. f3 Bd7 15. Nd3
c6 16. dxc6 bxc6 17. Qe2 Rfb8 18. Rfb1 Nc7 19. Qf2 Be6 20. bxa5 Rxb1+ 21. Rxb1
Rxa5 22. Nb4 Qd7 23. Rb3 Na8 24. Bf1 h6 25. Qe3 Qc7 26. h3 Bd7 27. Nd3 c5 28.
Nb2 Qc8 29. Kh2 Nc7 30. Rb6 Ra6 31. Qb3 Rxb6 32. Qxb6 Nfe8 33. a4 Ne6 34. a5
Qc7 35. Be2 Nd4 36. Bd1 Kf8 37. Na4 Ke7 38. f4 f6 39. Nc3 Qxb6 40. axb6 Kd8 41.
Nf1 Kc8 42. f5 Kb7 43. Nd5 Nc6 44. Nfe3 Nd4 45. g4 Nc6 46. Kg3 Nd8 47. Kh4 Nf7
48. Bf3 Ng5 49. Bg2 Nh7 50. Kh5 Nf8 51. Bf3 Bc6 52. h4 Bd7 53. Bd1 Bc6 54. Bc2
Bd7 55. Nd1 Bc6 56. N1c3 Ka6 57. Ba4 Bxa4 58. Nxa4 Kb7 59. Nac3 Kb8 60. Nb5 Kb7
61. Ndc7 Nxc7 62. bxc7 Kc8 63. Nxd6+ Kxc7 64. Ne8+ Kd8 65. Nxg7 1-0

[Event "NCL967 Midland Mons-Wood Green"]
[Site "Rd8"]
[Date "1997.02.23"]
[Round "8.5"]
[White "Tozer, Richard"]
[Black "Pein, Malcolm"]
[Result "0-1"]
[WhiteElo "2380"]
[BlackElo "2425"]
[PlyCount "68"]
[EventDate "1997.02.23"]
[Source "J.Saunders"]
[SourceDate "1998.06.06"]

1. d4 Nf6 2. c4 c5 3. d5 b5 4. cxb5 a6 5. Nc3 axb5 6. e4 b4 7. Nb5 d6 8. Bf4 g5
9. Bxg5 Nxe4 10. Bf4 Bg7 11. Qe2 Nf6 12. Nxd6+ Kf8 13. Nxc8 Qxc8 14. d6 exd6
15. Bxd6+ Kg8 16. Nf3 Nc6 17. Qc4 Na5 18. Qxc5 Qxc5 19. Bxc5 Nb3 20. Bc4 Nxc5
21. Ng5 Re8+ 22. Kd1 Ne6 23. Nxe6 fxe6 24. Re1 Kf7 25. f4 Nd5 26. f5 Bxb2 27.
Rb1 Nc3+ 28. Kc2 Nxb1 29. Kxb2 Nc3 30. Kb3 Kf6 31. fxe6 Rb8 32. e7 Rhe8 33.
Re6+ Kg7 34. a3 Nb5 0-1

[Event "NCL967 Midland Mons-Wood Green"]
[Site "Rd8"]
[Date "1997.02.23"]
[Round "8.7"]
[White "Mason, Don"]
[Black "Sowray, Peter"]
[Result "1/2-1/2"]
[WhiteElo "2275"]
[BlackElo "2350"]
[PlyCount "120"]
[EventDate "1997.02.23"]
[Source "J.Saunders"]
[SourceDate "1998.06.06"]

1. c4 Nf6 2. Nc3 e6 3. d4 Bb4 4. e3 c5 5. Nge2 cxd4 6. exd4 O-O 7. a3 Be7 8.
Ng1 b6 9. Nf3 Bb7 10. Bd3 d5 11. cxd5 Nxd5 12. O-O Nd7 13. Bd2 N7f6 14. Qe2 Rc8
15. Rfc1 Nxc3 16. bxc3 Qd6 17. Ba6 Bxa6 18. Qxa6 Qc7 19. Qe2 Qc4 20. Qxc4 Rxc4
21. Ne5 Rc7 22. c4 Rd8 23. Be3 Rdc8 24. a4 Bd6 25. a5 Bxe5 26. dxe5 Nd7 27.
axb6 axb6 28. f4 Kf8 29. Rab1 Rxc4 30. Rd1 Ke7 31. g3 R8c6 32. Rb2 Rc2 33. Rxc2
Rxc2 34. Rb1 Rc6 35. Kf2 Kd8 36. h4 h5 37. Kf3 Kc7 38. g4 hxg4+ 39. Kxg4 Rc3
40. Rc1 Rxc1 41. Bxc1 Nc5 42. Bb2 g6 43. Bd4 Nd3 44. Kg5 b5 45. f5 exf5 46. Kf6
Nf4 47. Kxf7 Kd7 48. Bc3 Ne6 49. Kxg6 f4 50. Kf5 f3 51. Be1 b4 52. Ke4 b3 53.
Kd3 Nd4 54. Kc3 Ke6 55. Bf2 b2 56. Kxb2 Kxe5 57. Kc3 Nf5 58. Kd3 Kf4 59. h5 Kg4
60. Ke4 Kxh5 1/2-1/2

[Event "NCL967 Midland Mons-Wood Green"]
[Site "Rd8"]
[Date "1997.02.23"]
[Round "8.8"]
[White "Lee, Graham"]
[Black "Regan, Natasha"]
[Result "0-1"]
[WhiteElo "2375"]
[BlackElo "2155"]
[PlyCount "113"]
[EventDate "1997.02.23"]
[Source "J.Saunders"]
[SourceDate "1998.06.06"]

1. e4 Nf6 2. e5 Nd5 3. d4 d6 4. Nf3 dxe5 5. Nxe5 g6 6. Bc4 c6 7. O-O Bg7 8. Qe2
O-O 9. Nd2 a5 10. a4 Be6 11. Ne4 Nc7 12. c3 f6 13. Bxe6+ Nxe6 14. Nd3 Nd7 15.
Re1 Rf7 16. h4 Qc7 17. h5 g5 18. Ng3 Nef8 19. f4 h6 20. Qg4 Re8 21. Bd2 e6 22.
f5 e5 23. Re4 Nh7 24. Rae1 Rd8 25. Nf1 Nb6 26. Nc5 Nf8 27. b3 Nc8 28. R4e2 b6
29. Ne6 Nxe6 30. fxe6 Rff8 31. Ng3 Ne7 32. Rf1 c5 33. dxe5 fxe5 34. Rf7 Rxf7
35. exf7+ Kf8 36. Rf2 Nd5 37. Bxg5 hxg5 38. Qxg5 Qe7 39. Qg6 Nf6 40. h6 Bh8 41.
Ne4 Qxf7 42. Qg5 Ke7 43. Rf5 Rd5 44. h7 Rd1+ 45. Kf2 Rd8 46. c4 Qg7 47. Rxe5+
Kd7 48. Qf5+ Kc7 49. Ng5 Ng4+ 50. Qxg4 Qxe5 51. Ne6+ Kd7 52. Nxd8+ Kxd8 53.
Qg8+ Ke7 54. Kf3 Qf5+ 55. Kg3 Be5+ 56. Kh4 Qf4+ 57. g4 0-1

[Event "NCL967 Invicta Kts-Witney"]
[Site "Rd8"]
[Date "1997.02.23"]
[Round "8.1"]
[White "Ansell, Simon"]
[Black "Gormally, Danny"]
[Result "1/2-1/2"]
[WhiteElo "2420"]
[BlackElo "2300"]
[PlyCount "58"]
[EventDate "1997.02.23"]
[Source "J.Saunders"]
[SourceDate "1998.06.06"]

1. e4 c5 2. Nf3 d6 3. d4 cxd4 4. Nxd4 Nf6 5. Nc3 a6 6. f4 Qc7 7. Nf3 Nbd7 8. a4
g6 9. Bd3 Bg7 10. O-O O-O 11. Qe1 b6 12. Qh4 Bb7 13. Bd2 Qc5+ 14. Kh1 Qh5 15.
Qg3 Nc5 16. Rae1 Qg4 17. Qf2 Qd7 18. f5 d5 19. fxg6 fxg6 20. Qh4 Nfxe4 21. Nxe4
Nxe4 22. Bh6 Bf6 23. Ng5 Nxg5 24. Bxg5 Qd6 25. Bxf6 exf6 26. Qg4 Kg7 27. Re6
Qd7 28. Qe2 Rae8 29. Rfxf6 Rxe6 1/2-1/2

[Event "NCL967 Invicta Kts-Witney"]
[Site "Rd8"]
[Date "1997.02.23"]
[Round "8.2"]
[White "Watson, Ian"]
[Black "Taulbut, Shaun"]
[Result "1/2-1/2"]
[WhiteElo "2296"]
[BlackElo "2400"]
[PlyCount "27"]
[EventDate "1997.02.23"]
[Source "J.Saunders"]
[SourceDate "1998.06.06"]

1. Nf3 Nf6 2. g3 g6 3. Bg2 Bg7 4. d3 d6 5. e4 e5 6. Nbd2 O-O 7. O-O Nc6 8. c3
Nd7 9. Ne1 f5 10. exf5 gxf5 11. f4 Nf6 12. Nc4 Qe8 13. fxe5 Nxe5 14. Ne3
1/2-1/2

[Event "NCL967 Invicta Kts-Witney"]
[Site "Rd8"]
[Date "1997.02.23"]
[Round "8.3"]
[White "Cobb, James"]
[Black "Brown, Simon D"]
[Result "0-1"]
[WhiteElo "2260"]
[BlackElo "2310"]
[PlyCount "74"]
[EventDate "1997.02.23"]
[Source "J.Saunders"]
[SourceDate "1998.06.06"]

1. e4 e6 2. d4 d5 3. Nc3 Bb4 4. Bd2 dxe4 5. Qg4 Nf6 6. Qxg7 Rg8 7. Qh6 Nbd7 8.
Nxe4 Nxe4 9. Bxb4 Ndf6 10. Qe3 Rg4 11. h3 Nd5 12. Qe2 Rf4 13. Bd2 Nxd2 14. Qxd2
Qf6 15. Nf3 Re4+ 16. Kd1 e5 17. c4 Ne7 18. Qg5 Rxd4+ 19. Kc2 Qxg5 20. Nxg5 c5
21. Be2 Bf5+ 22. Kc3 b5 23. Nf3 b4+ 24. Kb3 Nc6 25. Rad1 a5 26. a4 e4 27. Nxd4
Nxd4+ 28. Rxd4 cxd4 29. c5 d3 30. Bg4 Bxg4 31. hxg4 O-O-O 32. Kc4 Kc7 33. Rd1
d2 34. Kb3 Rd3+ 35. Kc4 Rd8 36. Kb3 Rd3+ 37. Kc2 b3+ 0-1

[Event "NCL967 Invicta Kts-Witney"]
[Site "Rd8"]
[Date "1997.02.23"]
[Round "8.4"]
[White "Dickenson, Neil"]
[Black "Cobb, Charles"]
[Result "0-1"]
[WhiteElo "2300"]
[BlackElo "2260"]
[PlyCount "56"]
[EventDate "1997.02.23"]
[Source "J.Saunders"]
[SourceDate "1998.06.06"]

1. d4 e6 2. e4 d5 3. exd5 exd5 4. Nf3 Nf6 5. Bd3 Be7 6. O-O O-O 7. h3 Be6 8. c3
c5 9. dxc5 Bxc5 10. Nbd2 Bd6 11. Nb3 Qc7 12. Re1 Nc6 13. Bf1 Ne4 14. Be3 f5 15.
Bd4 Rae8 16. a4 g5 17. Rxe4 fxe4 18. Nxg5 h6 19. Bb5 Bf7 20. Nxf7 Qxf7 21. Be3
Kh7 22. Nd4 Rc8 23. Be2 Nxd4 24. cxd4 Bf4 25. Bh5 Qf6 26. Qg4 Bxe3 27. fxe3 Rc7
28. Qe2 Rfc8 0-1

[Event "NCL967 Invicta Kts-Witney"]
[Site "Rd8"]
[Date "1997.02.23"]
[Round "8.5"]
[White "Headlong, Tim"]
[Black "Mack, Andrew"]
[Result "1/2-1/2"]
[WhiteElo "2250"]
[BlackElo "2275"]
[PlyCount "56"]
[EventDate "1997.02.23"]
[Source "J.Saunders"]
[SourceDate "1998.06.06"]

1. Nf3 Nf6 2. c4 g6 3. Nc3 Bg7 4. e4 d6 5. d4 O-O 6. Be2 Na6 7. O-O e5 8. Qc2
Qe8 9. dxe5 dxe5 10. a3 Bg4 11. Be3 Bxf3 12. Bxf3 c6 13. b4 Nd7 14. Bg4 Nc7 15.
b5 Ne6 16. bxc6 bxc6 17. Bxe6 Qxe6 18. Na4 f5 19. f3 Rf7 20. Rab1 Bf8 21. Rb3
f4 22. Bf2 g5 23. Qe2 h5 24. Rd1 g4 25. Rb7 Rg7 26. Qd3 gxf3 27. Qxf3 Qxc4 28.
Nb2 Qe6 1/2-1/2

[Event "NCL967 Invicta Kts-Witney"]
[Site "Rd8"]
[Date "1997.02.23"]
[Round "8.6"]
[White "Chandler, Cliff"]
[Black "Haydon, Richard"]
[Result "1-0"]
[WhiteElo "2248"]
[BlackElo "2220"]
[PlyCount "69"]
[EventDate "1997.02.23"]
[Source "J.Saunders"]
[SourceDate "1998.06.06"]

1. e4 c5 2. d4 cxd4 3. c3 d5 4. exd5 Qxd5 5. cxd4 Nc6 6. Nf3 e5 7. Nc3 Bb4 8.
Be2 e4 9. O-O Bxc3 10. bxc3 exf3 11. Bxf3 Qd6 12. Re1+ Nge7 13. Qb3 O-O 14. Ba3
Qf6 15. Bxc6 Qxc6 16. Rxe7 Be6 17. Rxe6 fxe6 18. Bxf8 Rxf8 19. Re1 Rf6 20. c4
Rf4 21. Qe3 Rf6 22. Qd3 a6 23. d5 Qc5 24. Qd2 exd5 25. cxd5 Rd6 26. Re5 Rb6 27.
g3 h6 28. Qd3 Rf6 29. Re8+ Kf7 30. Re2 b5 31. Qe4 Kg8 32. Rc2 Qf8 33. f4 a5 34.
Rc7 b4 35. Re7 1-0

[Event "NCL967 Invicta Kts-Witney"]
[Site "Rd8"]
[Date "1997.02.23"]
[Round "8.7"]
[White "Truran, Michael"]
[Black "Gurr, Lyndon"]
[Result "1/2-1/2"]
[WhiteElo "2255"]
[BlackElo "2048"]
[PlyCount "36"]
[EventDate "1997.02.23"]
[Source "J.Saunders"]
[SourceDate "1998.06.06"]

1. d4 Nf6 2. c4 e6 3. Nf3 b6 4. g3 Ba6 5. Qa4 Be7 6. Bg2 Bb7 7. Nc3 O-O 8. Qc2
Na6 9. e4 c5 10. e5 Ne8 11. d5 d6 12. O-O Nb4 13. Qb1 exd5 14. a3 d4 15. axb4
dxc3 16. exd6 Nxd6 17. bxc5 Nxc4 18. bxc3 Qc7 1/2-1/2

[Event "NCL967 Invicta Kts-Witney"]
[Site "Rd8"]
[Date "1997.02.23"]
[Round "8.8"]
[White "Howell, Susan"]
[Black "Houska, Ivana"]
[Result "1-0"]
[WhiteElo "1872"]
[BlackElo "1408"]
[PlyCount "71"]
[EventDate "1997.02.23"]
[Source "J.Saunders"]
[SourceDate "1998.06.06"]

1. d4 d5 2. c4 c6 3. cxd5 cxd5 4. Nc3 e6 5. Nf3 Nf6 6. Bg5 Be7 7. e3 O-O 8. Bd3
Nc6 9. a3 Qc7 10. O-O a6 11. Rc1 Qd8 12. h3 Bd7 13. Ne5 h6 14. Bf4 Qb6 15. Na4
Qa5 16. Nc5 Bxc5 17. Rxc5 Qb6 18. b4 Rac8 19. Qf3 Nxe5 20. Bxe5 Qd8 21. Rfc1
Qe7 22. Rc7 Rfd8 23. Kh2 Ne8 24. Qg3 Nf6 25. Bxf6 Qxf6 26. Rxc8 Rxc8 27. Rxc8+
Bxc8 28. Qc7 g6 29. Qxc8+ Kh7 30. f4 Qe7 31. Qc5 Qd7 32. e4 dxe4 33. Bxe4 h5
34. d5 exd5 35. Qxd5 h4 36. Qxd7 1-0

[Event "NCL967 NW Eagles-Guildford"]
[Site "Rd8"]
[Date "1997.02.23"]
[Round "8.1"]
[White "Lund, Brett"]
[Black "Kinsman, Andrew"]
[Result "1/2-1/2"]
[WhiteElo "2260"]
[BlackElo "2400"]
[PlyCount "180"]
[EventDate "1997.02.23"]
[Source "J.Saunders"]
[SourceDate "1998.06.06"]

1. g3 d5 2. Bg2 Nf6 3. f4 g6 4. Nf3 Bg7 5. O-O O-O 6. d3 c5 7. Qe1 d4 8. Na3
Nc6 9. c3 Rb8 10. Bd2 b5 11. Nc2 dxc3 12. bxc3 Bb7 13. a4 a6 14. axb5 axb5 15.
Rb1 Ba8 16. Ne5 Nxe5 17. fxe5 Nd5 18. e6 fxe6 19. Rxf8+ Qxf8 20. e4 Nc7 21. Qe2
Qd8 22. h4 Qd6 23. Bf4 e5 24. Be3 Rd8 25. Ne1 Bc6 26. Qa2+ Kh8 27. Qa7 Ne6 28.
Bh3 Ra8 29. Qb6 c4 30. Rd1 Rb8 31. Qa7 Rd8 32. Bg4 h5 33. dxc4 Nd4 34. c5 Qb8
35. Qxb8 Rxb8 36. cxd4 exd4 37. Bxd4 hxg4 38. Bxg7+ Kxg7 39. Nc2 Bxe4 40. Nb4
Rc8 41. Rc1 Bc6 42. Kf2 Kf6 43. Ke3 e5 44. Rd1 Bf3 45. Rd6+ Ke7 46. Nd5+ Kf7
47. c6 Bxd5 48. Rxd5 Rxc6 49. Rxb5 Kf6 50. Rb3 Kf5 51. Ra3 Rc2 52. Ra8 Rc3+ 53.
Kf2 Rc2+ 54. Kg1 Ke4 55. Ra4+ Kf3 56. Ra3+ Ke2 57. Ra4 e4 58. Rxe4+ Kf3 59. Ra4
Rc1+ 60. Kh2 Rc2+ 61. Kg1 Kxg3 62. Ra3+ Kxh4 63. Rb3 Ra2 64. Rc3 Re2 65. Ra3
Kg5 66. Ra4 Kf5 67. Rb4 Re4 68. Rb6 Kf4 69. Rb2 g3 70. Kg2 Kg4 71. Ra2 Rf4 72.
Ra6 Rf2+ 73. Kg1 Re2 74. Ra7 Re4 75. Ra8 Kf3 76. Rf8+ Rf4 77. Ra8 g5 78. Ra3+
Kg4 79. Ra8 Rb4 80. Ra6 Kh3 81. Rh6+ Rh4 82. Ra6 Rh7 83. Ra8 Re7 84. Rh8+ Kg4
85. Ra8 Rb7 86. Rc8 Rb2 87. Ra8 Rb4 88. Rc8 g2 89. Kxg2 Rb2+ 90. Kg1 Rb1+
1/2-1/2

[Event "NCL967 NW Eagles-Guildford"]
[Site "Rd8"]
[Date "1997.02.23"]
[Round "8.3"]
[White "Quillan, Gary"]
[Black "Thompson, Ian"]
[Result "1-0"]
[WhiteElo "2320"]
[BlackElo "2300"]
[PlyCount "83"]
[EventDate "1997.02.23"]
[Source "J.Saunders"]
[SourceDate "1998.06.06"]

1. e4 e6 2. d4 d5 3. Nd2 Nf6 4. e5 Nfd7 5. c3 c5 6. Bd3 Nc6 7. Ne2 cxd4 8. cxd4
f6 9. exf6 Nxf6 10. O-O Bd6 11. Nf3 Qc7 12. g3 O-O 13. Bf4 e5 14. dxe5 Nxe5 15.
Nxe5 Bxe5 16. Rc1 Qd6 17. Bxe5 Qxe5 18. Qb3 Bg4 19. Rfe1 Rae8 20. Qxb7 Bf3 21.
Qb4 Rb8 22. Qd4 Ng4 23. b3 Rbe8 24. Qxe5 Nxe5 25. Bb5 Rb8 26. Nd4 Be4 27. f4
Ng4 28. Rc7 a6 29. Bd7 Nf6 30. Be6+ Kh8 31. Rec1 h5 32. a3 h4 33. Rc8 hxg3 34.
hxg3 Rfxc8 35. Rxc8+ Rxc8 36. Bxc8 Bd3 37. b4 Ne4 38. Bf5 Bc4 39. Bxe4 dxe4 40.
Kf2 Kg8 41. Ke3 Bd5 42. Nf5 1-0